Statistics for Cities in Germany - With Pictures

Click here to take the quiz!

General Stats

  • This quiz has been taken 291 times
  • The average score is 10 of 12

Answer Stats

Answer% Correct
Berlin
100%
Frankfurt
96%
Cologne
95%
Munich
95%
Hamburg
91%
Düsseldorf
84%
Dresden
82%
Stuttgart
79%
Leipzig
72%
Bremen
69%
Nuremberg
69%
Bonn
53%

Score Distribution

Percentile by Number Answered

Percent of People with Each Score

Your Score History

You have not taken this quiz